000 00574nam a2200193Ia 4500
008 140626s9999 xx 000 0 und d
100 _aHam, Jongsuk.
245 _aFluid identities in the structure of cyberspace :
_b a comparison of Philippine and Korean experiences /
_c Jongsuk.Ham
260 _cc2011.
300 _a8 : 2, page 71
440 _aPlaridel
521 _aMC
650 _aCyberspace.
650 _aGender.
650 _aMassive multiplayer online role playing games (mmorpg).
650 _aPatriarchy.
650 _aPlayer avatar.
942 _cSE
999 _c121246
_d121246